[Event "POR-ch U20"]
[Site "Braga"]
[Date "2013.08.04"]
[Round "4.4"]
[White "Costa, Joao Luis Silva MY"]
[Black "Pereira, Amanda Marques"]
[Result "0-1"]
[WhiteElo "1734"]
[BlackElo "1971"]
[PlyCount "82"]
[EventDate "2013.08.02"]
[EventType "swiss"]
[EventRounds "7"]
[EventCountry "POR"]
[SourceTitle "EXT 2015"]
[Source "ChessBase"]
[SourceDate "2014.11.20"]
[SourceVersion "1"]
[SourceVersionDate "2014.11.20"]
[SourceQuality "1"]

1. d4 Nf6 2. Nf3 d6 3. g3 g6 4. Bg2 Bg7 5. 0-0 0-0 6. c4 Nbd7 7. Nc3 e5 8. d5 a5 9. Rb1 Nh5 10. a3 f5 11. e4 f4 12. b4 g5 13. h3 fxg3 14. Nxg5 Ndf6 15. c5 Qe8 16. Qd3 axb4 17. axb4 h6 18. Nf3 Bd7 19. Nh4 gxf2+ 20. Rxf2 Kh7 21. Nf5 Rg8 22. Bd2 Bf8 23. cxd6 cxd6 24. Kh2 Nf4 25. Bxf4 exf4 26. Ne2 Ra2 27. Rbf1 Bb5 28. Qf3 Nxd5 29. Nxf4 Rxf2 30. Rxf2 Nxb4 31. Nh5 Qe5+ 32. Qf4 Qxf4+ 33. Rxf4 Rg6 34. Ne7 Bxe7 35. Rf7+ Kg8 36. Rxe7 Bc6 37. Nf4 Rf6 38. Kg3 Nc2 39. Bf1 Kf8 40. Rh7 Bxe4 41. Bb5 Bxh7 0-1

[Event "POR-ch U20"]
[Site "Braga"]
[Date "2013.08.04"]
[Round "3.6"]
[White "Pereira, Amanda Marques"]
[Black "Gomes, Jose"]
[Result "1-0"]
[WhiteElo "1971"]
[BlackElo "1418"]
[PlyCount "65"]
[EventDate "2013.08.02"]
[EventType "swiss"]
[EventRounds "7"]
[EventCountry "POR"]
[SourceTitle "EXT 2015"]
[Source "ChessBase"]
[SourceDate "2014.11.20"]
[SourceVersion "1"]
[SourceVersionDate "2014.11.20"]
[SourceQuality "1"]

1. e4 c5 2. Nf3 d6 3. d4 cxd4 4. Nxd4 Nf6 5. Nc3 a6 6. f3 e5 7. Nb3 Be6 8. Be3 Be7 9. Qd2 0-0 10. 0-0-0 a5 11. a4 Na6 12. g4 Nb4 13. g5 Nh5 14. Nd5 Nxd5 15. exd5 Bd7 16. Bb5 Bxb5 17. axb5 Nf4 18. Bxf4 exf4 19. h4 a4 20. Nd4 a3 21. bxa3 Rxa3 22. Kb2 Ra4 23. Ra1 Qa8 24. Nf5 Bd8 25. Nxd6 Rxa1 26. Rxa1 Qb8 27. Nc4 Qc7 28. Qd4 Qd7 29. b6 Qb5+ 30. Kc3 Be7 31. d6 Bxg5 32. hxg5 Qxg5 33. Rg1 1-0

[Event "Sao Jose dos Campos op"]
[Site "Sao Jose dos Campos"]
[Date "2012.12.01"]
[Round "5"]
[White "Quintiliano Pinto, Renato Rodrigues"]
[Black "Pereira, Amanda Marques"]
[Result "1-0"]
[WhiteElo "2243"]
[BlackElo "1991"]
[PlyCount "49"]
[EventDate "2012.11.29"]
[EventType "swiss"]
[EventRounds "7"]
[EventCountry "BRA"]
[SourceTitle "EXT 2014"]
[Source "ChessBase"]
[SourceDate "2013.11.20"]
[SourceVersion "1"]
[SourceVersionDate "2013.11.20"]
[SourceQuality "1"]

1. d4 Nf6 2. c4 e6 3. Nf3 d5 4. Nc3 Be7 5. Bf4 0-0 6. e3 c5 7. dxc5 dxc4 8. Qc2 Na6 9. Bxc4 Nxc5 10. Rd1 Qa5 11. 0-0 a6 12. a3 b5 13. Be2 b4 14. axb4 Qxb4 15. Ne5 Bb7 16. Rd4 Qb3 17. Qb1 Nd5 18. Nxd5 Bxd5 19. e4 Bb7 20. Bc4 Qb6 21. b4 Nxe4 22. Rxe4 Bxe4 23. Qxe4 Qxb4 24. Nxf7 Rac8 25. Ng5 1-0

[Event "Sao Jose dos Campos op"]
[Site "Sao Jose dos Campos"]
[Date "2012.11.30"]
[Round "2"]
[White "Pereira, Amanda Marques"]
[Black "Blit, Jacques"]
[Result "0-1"]
[WhiteElo "1991"]
[BlackElo "2301"]
[PlyCount "136"]
[EventDate "2012.11.29"]
[EventType "swiss"]
[EventRounds "7"]
[EventCountry "BRA"]
[SourceTitle "EXT 2014"]
[Source "ChessBase"]
[SourceDate "2013.11.20"]
[SourceVersion "1"]
[SourceVersionDate "2013.11.20"]
[SourceQuality "1"]

1. e4 c5 2. Nf3 g6 3. d4 cxd4 4. Nxd4 Bg7 5. c4 Nc6 6. Nb3 Nf6 7. Nc3 d6 8. Be2 Be6 9. 0-0 Rc8 10. Be3 0-0 11. Nd2 Nd7 12. Rc1 Nd4 13. Bd3 f5 14. f4 Nc5 15. Bb1 fxe4 16. b3 Nf5 17. Qe2 Nxe3 18. Qxe3 d5 19. cxd5 Bxd5 20. Rfd1 Nd3 21. Bxd3 exd3 22. Nxd5 Qxd5 23. Nf3 Rxc1 24. Rxc1 Qd6 25. g3 b6 26. Rd1 Rd8 27. Kf1 Bf6 28. Ne1 Qc6 29. Rxd3 Rxd3 30. Nxd3 Qh1+ 31. Qg1 Qf3+ 32. Nf2 Bd4 33. Qg2 Qe3 34. Nd1 Qe6 35. Qe2 Qh3+ 36. Qg2 Qf5 37. Qe2 Kf8 38. Kg2 h5 39. Nf2 Qc5 40. Ne4 Qc1 41. Ng5 Qg1+ 42. Kh3 Bf6 43. Nh7+ Kf7 44. Qc4+ Kg7 45. Nxf6 exf6 46. Qc7+ Kh6 47. Qc4 Qd1 48. Kg2 h4 49. f5 hxg3 50. Qf4+ g5 51. Qxg3 Qc2+ 52. Qf2 Qxf2+ 53. Kxf2 Kh5 54. Kg3 g4 55. Kf4 Kh4 56. Ke3 g3 57. hxg3+ Kxg3 58. b4 Kg4 59. Ke4 b5 60. Kd5 Kxf5 61. Kc5 Ke5 62. Kxb5 f5 63. Ka6 f4 64. Kxa7 f3 65. b5 f2 66. b6 f1Q 67. b7 Qf7 68. a4 Qc7 0-1

[Event "BRA-chT U26 (Women)"]
[Site "Foz do Iguacu"]
[Date "2012.10.19"]
[Round "3"]
[White "Da Silva, Sandra de Jesus F"]
[Black "Pereira, Amanda Marques"]
[Result "0-1"]
[WhiteElo "1612"]
[BlackElo "1983"]
[PlyCount "70"]
[EventDate "2012.10.18"]
[EventType "team-swiss"]
[EventRounds "7"]
[EventCountry "BRA"]
[SourceTitle "EXT 2014"]
[Source "ChessBase"]
[SourceDate "2013.11.20"]
[SourceVersion "1"]
[SourceVersionDate "2013.11.20"]
[SourceQuality "1"]

1. e4 c5 2. Nf3 e6 3. Be2 Nc6 4. d3 d6 5. 0-0 g6 6. Bg5 Qc7 7. Qd2 Bg7 8. c3 h6 9. Bh4 Nf6 10. Bg3 b6 11. Qf4 e5 12. Qd2 d5 13. exd5 Nxd5 14. Na3 0-0 15. Nc4 f5 16. h3 Be6 17. Nh4 Nde7 18. f4 Bxc4 19. dxc4 Rad8 20. Qe3 e4 21. Rad1 Nd4 22. Rd2 Nxe2+ 23. Rxe2 Rd3 24. Qf2 g5 25. Bh2 gxh4 26. Qxh4 Rfd8 27. g4 Rd2 28. Rff2 Rxe2 29. Rxe2 Rd1+ 30. Kf2 Qd6 31. Qh5 Rh1 32. Bg3 Qd1 33. gxf5 Qf1+ 34. Ke3 Nxf5+ 35. Qxf5 Qf3+ 0-1

[Event "Paulista-ch zt"]
[Site "Itapetininga"]
[Date "2012.10.14"]
[Round "6"]
[White "Cadilhac, Igor Tokuichi Kikuc"]
[Black "Pereira, Amanda Marques"]
[Result "1-0"]
[WhiteElo "1817"]
[BlackElo "1983"]
[PlyCount "85"]
[EventDate "2012.10.12"]
[EventType "swiss"]
[EventRounds "6"]
[EventCountry "BRA"]
[SourceTitle "CBM 151 Extra"]
[Source "ChessBase"]
[SourceDate "2012.12.18"]
[SourceVersion "1"]
[SourceVersionDate "2012.12.18"]
[SourceQuality "1"]

1. e4 c5 2. Nf3 e6 3. c4 d6 4. d4 cxd4 5. Nxd4 Nf6 6. Nc3 a6 7. Be2 Be7 8. Be3 Qc7 9. Rc1 Nbd7 10. 0-0 b6 11. f3 Bb7 12. a3 0-0 13. b4 Rac8 14. Qd2 Qb8 15. Nb3 Bd8 16. Rfd1 Bc7 17. Bf4 Ne5 18. Bxe5 dxe5 19. Kh1 Kh8 20. Qe3 Rg8 21. Bf1 g5 22. Ne2 Rg6 23. Ng3 h5 24. Bd3 h4 25. Ne2 Rcg8 26. g4 hxg3 27. hxg3 g4 28. f4 exf4 29. gxf4 Nh5 30. Rf1 Rf6 31. f5 exf5 32. Rxf5 Ng3+ 33. Nxg3 Bf4 34. Qd4 Rgg6 35. Rf1 Rh6+ 36. Nh5 Kg8 37. Qxf6 Rxf6 38. Nxf6+ Kg7 39. R1xf4 Qh8+ 40. Kg1 Qh3 41. Rxg4+ Kf8 42. c5 Qe3+ 43. Kg2 1-0

[Event "Paulista-ch zt"]
[Site "Itapetininga"]
[Date "2012.10.13"]
[Round "3"]
[White "Angeli Galvani, Maria Eduarda"]
[Black "Pereira, Amanda Marques"]
[Result "0-1"]
[WhiteElo "1446"]
[BlackElo "1983"]
[PlyCount "82"]
[EventDate "2012.10.12"]
[EventType "swiss"]
[EventRounds "6"]
[EventCountry "BRA"]
[SourceTitle "CBM 151 Extra"]
[Source "ChessBase"]
[SourceDate "2012.12.18"]
[SourceVersion "1"]
[SourceVersionDate "2012.12.18"]
[SourceQuality "1"]

1. d4 Nf6 2. e3 d5 3. Nf3 e6 4. Bd3 c5 5. c3 Nc6 6. 0-0 Be7 7. Nbd2 0-0 8. Qe2 Re8 9. dxc5 Bxc5 10. e4 Qc7 11. h3 Nh5 12. exd5 Ng3 13. Qd1 Nxf1 14. Nxf1 exd5 15. Ng5 h6 16. Qh5 Be6 17. Nxe6 Rxe6 18. Qxd5 Qd6 19. Qf5 g6 20. Qf3 Ne5 21. Qg3 Nxd3 22. Qxd6 Bxf2+ 23. Kh2 Rxd6 24. Bxh6 Re8 25. Rd1 Re2 26. Bf4 Rd7 27. Ng3 Bxg3+ 28. Kxg3 Rxg2+ 29. Kxg2 Nxf4+ 30. Kf3 Rxd1 31. Kxf4 Rf1+ 32. Kg5 f5 33. Kxg6 f4 34. Kf5 f3 35. Kf4 Kg7 36. b4 Kg6 37. c4 Rc1 38. Kxf3 Rxc4 39. b5 Rb4 40. b6 Rxb6 41. Kg4 Ra6 0-1

[Event "Paulista-ch zt"]
[Site "Itapetininga"]
[Date "2012.10.13"]
[Round "4"]
[White "Pereira, Amanda Marques"]
[Black "Massarioli, Felipe Alvarenga"]
[Result "1/2-1/2"]
[WhiteElo "1983"]
[BlackElo "2057"]
[PlyCount "92"]
[EventDate "2012.10.12"]
[EventType "swiss"]
[EventRounds "6"]
[EventCountry "BRA"]
[SourceTitle "CBM 151 Extra"]
[Source "ChessBase"]
[SourceDate "2012.12.18"]
[SourceVersion "1"]
[SourceVersionDate "2012.12.18"]
[SourceQuality "1"]

1. e4 e6 2. d4 d5 3. Nd2 Nf6 4. e5 Nfd7 5. c3 c5 6. Bd3 Nc6 7. Ne2 cxd4 8. cxd4 Qb6 9. Nf3 Be7 10. 0-0 0-0 11. Bb1 f5 12. b3 Qd8 13. Nf4 Nb6 14. Nh3 Bd7 15. Bg5 Bxg5 16. Nhxg5 h6 17. Nh3 Be8 18. Nf4 Qe7 19. a3 g5 20. Ne2 Bh5 21. Qd3 Rf7 22. Ng3 Bg6 23. Nd2 Nd7 24. h4 gxh4 25. Ne2 Rg7 26. Nf4 Bf7 27. Nf3 Kh8 28. Kh2 Rag8 29. Rh1 Rg4 30. Qe3 Qf8 31. Kg1 Qg7 32. Nxh4 Qg5 33. Nhg6+ Bxg6 34. Nxe6 Qxe3 35. fxe3 Kh7 36. Bd3 Ne7 37. Be2 Rxg2+ 38. Kxg2 Bf7+ 39. Kf2 Bxe6 40. Rh5 Bf7 41. Rh2 Rc8 42. Rah1 Rc6 43. Bb5 Rc2+ 44. Be2 Rc6 45. Bb5 Rc2+ 46. Be2 Rc6 1/2-1/2

[Event "World University-ch (Women) 12th"]
[Site "Guimaraes"]
[Date "2012.08.22"]
[Round "6"]
[White "Pereira, Amanda Marques"]
[Black "Zullkafli, Nurshazwani"]
[Result "0-1"]
[WhiteElo "2007"]
[BlackElo "2032"]
[PlyCount "92"]
[EventDate "2012.08.20"]
[EventType "swiss"]
[EventRounds "9"]
[EventCountry "POR"]
[SourceTitle "CBM 150 Extra"]
[Source "ChessBase"]
[SourceDate "2012.10.19"]
[SourceVersion "1"]
[SourceVersionDate "2012.10.19"]
[SourceQuality "1"]

1. e4 e6 2. d4 d5 3. Nd2 Nf6 4. e5 Nfd7 5. Bd3 c5 6. c3 Nc6 7. Ne2 Qb6 8. Nf3 cxd4 9. cxd4 f6 10. exf6 Nxf6 11. 0-0 Bd6 12. a3 0-0 13. Bc2 e5 14. dxe5 Nxe5 15. Nxe5 Bxe5 16. Qd3 Be6 17. Nf4 Bf7 18. Bd2 Qc7 19. g3 g5 20. Nxd5 Bxd5 21. Bxg5 Bc4 22. Bb3 Bxb3 23. Qxb3+ Qf7 24. Qb5 Qd5 25. Qxd5+ Nxd5 26. Rad1 Nb6 27. b3 Rf5 28. Be3 Bg7 29. f4 Re8 30. Bxb6 axb6 31. g4 Rc5 32. Rd3 Ra8 33. a4 b5 34. axb5 Rxb5 35. f5 Rf8 36. Rdf3 Bf6 37. Kg2 Rc8 38. R1f2 Rc3 39. Rxc3 Bxc3 40. f6 Kf7 41. h4 h6 42. Rf3 Bxf6 43. Kg3 Rc5 44. b4 Rc3 45. Rxc3 Bxc3 46. b5 Be1+ 0-1

[Event "World University-ch (Women) 12th"]
[Site "Guimaraes"]
[Date "2012.08.22"]
[Round "5"]
[White "Rothebarth, Ana Vitoria de Paul"]
[Black "Pereira, Amanda Marques"]
[Result "1-0"]
[WhiteElo "2001"]
[BlackElo "2007"]
[PlyCount "57"]
[EventDate "2012.08.20"]
[EventType "swiss"]
[EventRounds "9"]
[EventCountry "POR"]
[SourceTitle "CBM 150 Extra"]
[Source "ChessBase"]
[SourceDate "2012.10.19"]
[SourceVersion "1"]
[SourceVersionDate "2012.10.19"]
[SourceQuality "1"]

1. e4 c5 2. Nc3 Nc6 3. f4 e6 4. Nf3 d5 5. Bb5 Nge7 6. 0-0 g6 7. Qe1 Bg7 8. e5 0-0 9. Bxc6 Nxc6 10. d3 a6 11. Qf2 b6 12. a3 Bd7 13. Bd2 Ne7 14. Be1 Qc7 15. g4 b5 16. Qh4 Bc6 17. Bd2 a5 18. Ne2 d4 19. Ng3 Qb7 20. Ng5 h6 21. N5e4 Bxe4 22. Nxe4 c4 23. Nf6+ Kh8 24. f5 h5 25. gxh5 Nxf5 26. Rxf5 gxf5 27. h6 Rfc8 28. hxg7+ Kxg7 29. Qh6# 1-0

[Event "Pan American-ch U20 Girls"]
[Site "Sao Paulo"]
[Date "2012.07.02"]
[Round "6"]
[White "Casusol, Cecilia"]
[Black "Pereira, Amanda Marques"]
[Result "1-0"]
[WhiteElo "2030"]
[BlackElo "2009"]
[PlyCount "79"]
[EventDate "2012.06.29"]
[EventType "swiss"]
[EventRounds "9"]
[EventCountry "BRA"]
[SourceTitle "CBM 149 Extra"]
[Source "ChessBase"]
[SourceDate "2012.08.24"]
[SourceVersion "1"]
[SourceVersionDate "2012.08.24"]
[SourceQuality "1"]

1. e4 c5 2. Nf3 e6 3. d4 cxd4 4. Nxd4 a6 5. Bd3 Nf6 6. 0-0 d6 7. Qe2 Nbd7 8. c4 Qc7 9. Nc3 b6 10. f4 Be7 11. Kh1 0-0 12. Bd2 Rd8 13. Rae1 Bb7 14. f5 Nf8 15. Rf3 N6d7 16. Rg3 Bf6 17. Nf3 Re8 18. fxe6 fxe6 19. Bg5 Bxg5 20. Nxg5 Ne5 21. Rf1 Re7 22. Rh3 h6 23. Nf3 Nxd3 24. Qxd3 Ng6 25. Rg3 Nf4 26. Qe3 Qxc4 27. Nd2 Nxg2 28. Nxc4 Nxe3 29. Rxe3 Rd8 30. Nxb6 Bc6 31. Nc4 Rc7 32. Rd1 Rcd7 33. Red3 d5 34. Ne5 Rc7 35. Nxc6 Rxc6 36. exd5 exd5 37. Rxd5 Rf8 38. Rd8 Rb6 39. Rxf8+ Kxf8 40. Rd2 1-0

[Event "Pan American-ch U20 Girls"]
[Site "Sao Paulo"]
[Date "2012.07.01"]
[Round "5"]
[White "Pereira, Amanda Marques"]
[Black "Rodriguez Rueda, Paula Andrea"]
[Result "0-1"]
[WhiteElo "2009"]
[BlackElo "2181"]
[PlyCount "58"]
[EventDate "2012.06.29"]
[EventType "swiss"]
[EventRounds "9"]
[EventCountry "BRA"]
[SourceTitle "CBM 149 Extra"]
[Source "ChessBase"]
[SourceDate "2012.08.24"]
[SourceVersion "1"]
[SourceVersionDate "2012.08.24"]
[SourceQuality "1"]

1. e4 c5 2. Nf3 d6 3. d4 cxd4 4. Nxd4 Nf6 5. Nc3 a6 6. f3 e6 7. Be3 b5 8. g4 h6 9. Qd2 Nbd7 10. a3 Bb7 11. 0-0-0 Qc7 12. Rg1 d5 13. exd5 Nxd5 14. Ne4 Rc8 15. h4 Nc5 16. Bf2 Nxe4 17. fxe4 Nf6 18. e5 Ne4 19. Nxb5 axb5 20. Bxb5+ Bc6 21. Qe2 Nxf2 22. Bxc6+ Qxc6 23. Qxf2 Bc5 24. Qe2 Bxg1 25. Rxg1 Qc4 26. Qf2 Qc5 27. Qg2 Qxe5 28. Rf1 0-0 29. g5 h5 0-1

[Event "BRA Universities (Women) op"]
[Site "Goiania"]
[Date "2012.06.16"]
[Round "7"]
[White "Garcia, Liria Caetano"]
[Black "Pereira, Amanda Marques"]
[Result "1/2-1/2"]
[WhiteElo "1972"]
[BlackElo "1999"]
[PlyCount "116"]
[EventDate "2012.06.13"]
[EventType "swiss"]
[EventRounds "7"]
[EventCountry "BRA"]
[SourceTitle "CBM 149 Extra"]
[Source "ChessBase"]
[SourceDate "2012.08.24"]
[SourceVersion "1"]
[SourceVersionDate "2012.08.24"]
[SourceQuality "1"]

1. d4 Nf6 2. g3 e6 3. Bg2 d5 4. Nf3 Be7 5. 0-0 0-0 6. c4 dxc4 7. Qc2 a6 8. a4 Bd7 9. Qxc4 Bc6 10. Bf4 Nbd7 11. Nbd2 Rc8 12. Qc2 Nd5 13. Nb3 Nb4 14. Qd1 Bd5 15. Rc1 c5 16. dxc5 Nxc5 17. Nxc5 Bxc5 18. Qe1 Qe7 19. Bd2 a5 20. Bc3 Bb3 21. Qd2 Rcd8 22. Qf4 Nd5 23. Qe5 f6 24. Qh5 b6 25. Qh4 Qd7 26. Bh3 Bxa4 27. Bxa5 Bb5 28. Rxc5 bxc5 29. Bxd8 Rxd8 30. Rd1 Qe8 31. Qe4 f5 32. Qe5 Nc7 33. Ra1 Na6 34. Ng5 Rd5 35. Qe3 Nc7 36. Bg2 Rd7 37. Qxc5 Bxe2 38. Bc6 Qe7 39. Qb6 Rd8 40. Qe3 Rd1+ 41. Rxd1 Bxd1 42. h4 h6 43. Nf3 Qd6 44. Bb7 Nb5 45. h5 Qd7 46. Ba8 Qe8 47. Bd5 Nc7 48. Bc4 Qxh5 49. Bxe6+ Nxe6 50. Qxe6+ Kh7 51. Nh4 Bc2 52. f3 f4 53. Qg4 Qc5+ 54. Kg2 fxg3 55. Qxg3 Qd4 56. Qf2 Qxb2 57. Nf5 Qc3 58. Ne3 Bg6 1/2-1/2

[Event "BRA Universities (Women) op"]
[Site "Goiania"]
[Date "2012.06.14"]
[Round "3"]
[White "Pereira, Amanda Marques"]
[Black "Heinrichs, Vivian"]
[Result "1-0"]
[WhiteElo "1999"]
[BlackElo "1985"]
[PlyCount "95"]
[EventDate "2012.06.13"]
[EventType "swiss"]
[EventRounds "7"]
[EventCountry "BRA"]
[SourceTitle "CBM 149 Extra"]
[Source "ChessBase"]
[SourceDate "2012.08.24"]
[SourceVersion "1"]
[SourceVersionDate "2012.08.24"]
[SourceQuality "1"]

1. e4 c5 2. Nf3 e6 3. d4 cxd4 4. Nxd4 a6 5. Nc3 b5 6. Bd3 Qb6 7. Be3 Bc5 8. Be2 Nc6 9. Nxc6 Bxe3 10. fxe3 dxc6 11. Qd4 Qxd4 12. exd4 e5 13. d5 Ne7 14. 0-0-0 Bd7 15. g4 Ng6 16. h4 Nf4 17. Bf3 Rc8 18. g5 0-0 19. dxc6 Bxc6 20. Nd5 Rfe8 21. Bg4 Rcd8 22. Ne7+ Rxe7 23. Rxd8+ Re8 24. Rxe8+ Bxe8 25. Rd1 Kf8 26. Rd6 a5 27. a4 Ng2 28. h5 bxa4 29. c4 Ne3 30. Be2 a3 31. bxa3 a4 32. Kd2 Ke7 33. Rb6 Ng2 34. c5 Nf4 35. Bd1 Ne6 36. c6 Kd6 37. Bxa4 Nxg5 38. Rb8 Bxc6 39. Rb6 Nf3+ 40. Kc3 Nd4 41. Bxc6 Nxc6 42. a4 Kc7 43. Rb5 f6 44. a5 Nd4 45. Rb2 Nc6 46. a6 Kc8 47. Kc4 g6 48. hxg6 1-0

[Event "BRA Universities (Women) op"]
[Site "Goiania"]
[Date "2012.06.13"]
[Round "1"]
[White "Pereira, Amanda Marques"]
[Black "De Matos, Erika Raiol"]
[Result "1-0"]
[WhiteElo "1999"]
[BlackElo "1800"]
[PlyCount "67"]
[EventDate "2012.06.13"]
[EventType "swiss"]
[EventRounds "7"]
[EventCountry "BRA"]
[SourceTitle "CBM 149 Extra"]
[Source "ChessBase"]
[SourceDate "2012.08.24"]
[SourceVersion "1"]
[SourceVersionDate "2012.08.24"]
[SourceQuality "1"]

1. e4 e6 2. d4 Nf6 3. Nd2 d5 4. e5 Nfd7 5. Bd3 Nc6 6. c3 h6 7. Ne2 g5 8. Ng3 Qe7 9. b3 Bg7 10. Nh5 Bf8 11. a4 b6 12. Ba3 Qd8 13. Bxf8 Rxf8 14. Ng7+ Ke7 15. Qc1 Ndxe5 16. dxe5 Nxe5 17. Be2 Rg8 18. Nh5 c5 19. 0-0 Kd7 20. b4 f5 21. bxc5 bxc5 22. Qa3 c4 23. Rfd1 Ba6 24. Nb3 Ke8 25. Nc5 g4 26. Nxa6 Qg5 27. Nc7+ Kf7 28. Qd6 Qxh5 29. Qxe6+ Kf8 30. Qd6+ Kf7 31. Qxd5+ Kf6 32. Qe6+ Kg5 33. Qe7+ Kg6 34. Rd6# 1-0

[Event "BRA-ch U18"]
[Site "Sao Paulo"]
[Date "2012.04.28"]
[Round "1"]
[White "Pereira, Amanda Marques"]
[Black "Vescovi, Katherine Lemos"]
[Result "1-0"]
[WhiteElo "1999"]
[BlackElo "1706"]
[PlyCount "71"]
[EventDate "2012.04.28"]
[EventType "swiss"]
[EventRounds "7"]
[EventCountry "BRA"]
[SourceTitle "CBM 148 Extra"]
[Source "ChessBase"]
[SourceDate "2012.06.22"]
[SourceVersion "1"]
[SourceVersionDate "2012.06.22"]
[SourceQuality "1"]

1. e4 c5 2. Nf3 d6 3. d4 cxd4 4. Nxd4 Nf6 5. Nc3 a6 6. f3 e6 7. Be3 Be7 8. Qd2 b5 9. g4 Bb7 10. g5 Nfd7 11. h4 Nb6 12. 0-0-0 N8d7 13. Qg2 Ne5 14. Kb1 b4 15. Nce2 Nbc4 16. Bc1 Rb8 17. f4 a5 18. fxe5 dxe5 19. Ng3 Na3+ 20. bxa3 bxa3 21. Bb5+ Bc6 22. Nb3 Qc7 23. Bxc6+ Qxc6 24. Qf3 a4 25. Rhf1 0-0 26. Nh5 axb3 27. cxb3 Rbc8 28. Nf6+ gxf6 29. gxf6 Qc2+ 30. Ka1 Bxf6 31. Rg1+ Bg7 32. Rxg7+ Kh8 33. Rxh7+ Kxh7 34. Qh5+ Kg7 35. Rg1+ Kf6 36. Qg5# 1-0

[Event "Osasco op"]
[Site "Osasco"]
[Date "2012.04.21"]
[Round "4"]
[White "Alboredo, Julia"]
[Black "Pereira, Amanda Marques"]
[Result "0-1"]
[WhiteElo "1730"]
[BlackElo "1999"]
[PlyCount "68"]
[EventDate "2012.04.20"]
[EventType "swiss"]
[EventRounds "6"]
[EventCountry "BRA"]
[SourceTitle "CBM 148 Extra"]
[Source "ChessBase"]
[SourceDate "2012.06.22"]
[SourceVersion "1"]
[SourceVersionDate "2012.06.22"]
[SourceQuality "1"]

1. e4 c5 2. Nf3 e6 3. d3 d6 4. g3 g6 5. Bg2 Bg7 6. Nbd2 Ne7 7. 0-0 Nbc6 8. c3 0-0 9. Re1 b6 10. Nf1 e5 11. h4 h6 12. Be3 d5 13. exd5 Nxd5 14. Qd2 Kh7 15. Rad1 Bb7 16. N1h2 f5 17. Qc2 Qc7 18. h5 gxh5 19. Nh4 Nce7 20. d4 cxd4 21. Bd2 e4 22. Bxe4 fxe4 23. Qxe4+ Kh8 24. c4 Nc3 25. Qe6 Rf6 26. Re3 dxe3 27. Qxe3 Qc6 28. f3 Re8 29. Bxc3 Rf7 30. Re1 Bxc3 31. Qxc3+ Qf6 32. Ng6+ Kg7 33. Ne5 Ng6 34. f4 Nxe5 0-1

[Event "Belo Horizonte olympic qual (Women) 8th"]
[Site "Belo Horizonte"]
[Date "2012.03.04"]
[Round "5"]
[White "Chaves, Joara"]
[Black "Pereira, Amanda Marques"]
[Result "1-0"]
[WhiteElo "2010"]
[BlackElo "1999"]
[PlyCount "103"]
[EventDate "2012.03.02"]
[EventType "swiss"]
[EventRounds "6"]
[EventCountry "BRA"]
[SourceTitle "EXT 2013"]
[Source "ChessBase"]
[SourceDate "2012.11.22"]
[SourceVersion "1"]
[SourceVersionDate "2012.11.22"]
[SourceQuality "1"]

1. e4 c5 2. Nc3 e6 3. f4 a6 4. d3 Nc6 5. g3 d5 6. Bd2 Nge7 7. Bg2 d4 8. Nce2 g6 9. Nf3 Bg7 10. 0-0 0-0 11. g4 f5 12. gxf5 gxf5 13. e5 Rb8 14. Qe1 b5 15. Qg3 Nd5 16. Qh3 Ncb4 17. Ne1 Kh8 18. a3 Nc6 19. Rf3 Rg8 20. Rg3 Rb7 21. Nf3 Bf8 22. Ng5 Rbg7 23. Qh4 Qc7 24. Bxd5 exd5 25. Kf2 Qe7 26. Rag1 Rxg5 27. Rxg5 Rxg5 28. Qxg5 Qxg5 29. Rxg5 Bh6 30. Rh5 Kg7 31. Be1 Kg6 32. Rh3 a5 33. Rg3+ Kf7 34. Kf3 c4 35. Bf2 c3 36. b3 a4 37. bxa4 bxa4 38. Nxd4 Ne7 39. Nb5 Bd7 40. Nxc3 Ke6 41. Bc5 Ng6 42. Ne2 Nh4+ 43. Ke3 Ng6 44. Rh3 Bf8 45. Bxf8 Nxf8 46. Rh6+ Kf7 47. Rd6 Be6 48. Nd4 Ke7 49. Nc6+ Kf7 50. Nd8+ Ke7 51. Nxe6 Nxe6 52. Rxd5 1-0

[Event "BRA-ch U25"]
[Site "Sao Paulo"]
[Date "2012.02.20"]
[Round "4"]
[White "Pereira, Amanda Marques"]
[Black "Mandetta, Joao Danilo"]
[Result "1-0"]
[WhiteElo "1981"]
[BlackElo "2141"]
[PlyCount "71"]
[EventDate "2012.02.18"]
[EventType "swiss"]
[EventRounds "7"]
[EventCountry "BRA"]
[SourceTitle "CBM 147 Extra"]
[Source "ChessBase"]
[SourceDate "2012.04.24"]
[SourceVersion "1"]
[SourceVersionDate "2012.04.24"]
[SourceQuality "1"]

1. e4 c5 2. Nf3 e6 3. d4 cxd4 4. Nxd4 Nc6 5. Nc3 d6 6. Be3 Nf6 7. f3 Be7 8. Qd2 a6 9. 0-0-0 0-0 10. g4 Nxd4 11. Bxd4 b5 12. g5 Nd7 13. h4 Qa5 14. Kb1 b4 15. Ne2 e5 16. Be3 Nc5 17. Bh3 Be6 18. Nc1 Rab8 19. Nb3 Nxb3 20. axb3 Qb5 21. h5 a5 22. g6 Bxh3 23. Rxh3 a4 24. h6 hxg6 25. hxg7 Rfc8 26. Qh2 axb3 27. Rh8+ Kxg7 28. Qh6+ Kf6 29. Bg5+ Ke6 30. Qh3+ f5 31. exf5+ Kd7 32. f6+ Kc7 33. Rxc8+ Rxc8 34. cxb3 Kb7 35. fxe7 Qe2 36. Qxc8+ 1-0

[Event "BRA-ch U25"]
[Site "Sao Paulo"]
[Date "2012.02.19"]
[Round "3"]
[White "Quintiliano Pinto, Renato Rodrigues"]
[Black "Pereira, Amanda Marques"]
[Result "1-0"]
[WhiteElo "2263"]
[BlackElo "1981"]
[PlyCount "87"]
[EventDate "2012.02.18"]
[EventType "swiss"]
[EventRounds "7"]
[EventCountry "BRA"]
[SourceTitle "CBM 147 Extra"]
[Source "ChessBase"]
[SourceDate "2012.04.24"]
[SourceVersion "1"]
[SourceVersionDate "2012.04.24"]
[SourceQuality "1"]

1. c4 Nf6 2. Nf3 e6 3. g3 d5 4. d4 b6 5. Bg2 Bb7 6. 0-0 Be7 7. Qa4+ Qd7 8. Qc2 Nc6 9. cxd5 exd5 10. Nc3 0-0 11. Rd1 Rfd8 12. Bf4 Bd6 13. Be5 Nb4 14. Qb1 Ng4 15. a3 Na6 16. Ng5 f5 17. Nxd5 h6 18. Qa2 Kh8 19. Nxb6 cxb6 20. Nf7+ Kh7 21. Bxb7 Qxb7 22. Nxd6 Qd7 23. b4 Rf8 24. Qc2 Kh8 25. e3 Nc7 26. h3 Nxe5 27. dxe5 g6 28. Rac1 Ne6 29. Nxf5 Qh7 30. Nh4 Rg8 31. Rd6 Rge8 32. Kg2 Qf7 33. Rcd1 Re7 34. Qe4 Kh7 35. f4 Rf8 36. Qd5 Rc8 37. Rd2 Rc3 38. Rd7 Rc7 39. Rxe7 Qxe7 40. Qe4 Qg7 41. Nxg6 Qxg6 42. f5 Qg5 43. fxe6+ Kh8 44. Rd7 1-0

[Event "Pan American-ch U18 Girls"]
[Site "Cali"]
[Date "2011.07.06"]
[Round "6"]
[White "Martinez, Ayelen"]
[Black "Pereira, Amanda Marques"]
[Result "1-0"]
[WhiteElo "2011"]
[BlackElo "1968"]
[PlyCount "61"]
[EventDate "2011.07.03"]
[EventType "swiss"]
[EventRounds "9"]
[EventCountry "COL"]
[SourceTitle "CBM 143 Extra"]
[Source "ChessBase"]
[SourceDate "2011.08.29"]
[SourceVersion "1"]
[SourceVersionDate "2011.08.29"]
[SourceQuality "1"]

1. f4 c5 2. Nf3 d5 3. e3 Nc6 4. Bb5 Nf6 5. Bxc6+ bxc6 6. b3 g6 7. Bb2 Bg7 8. 0-0 0-0 9. Qe1 a5 10. a4 Qb6 11. d3 c4 12. dxc4 dxc4 13. Nbd2 cxb3 14. Nc4 Qa7 15. cxb3 Be6 16. Nfe5 Bd5 17. Bc3 Ne4 18. Bd4 c5 19. Bb2 f6 20. Rd1 e6 21. Ng4 h5 22. Nf2 Rfb8 23. Nxe4 Bxc4 24. bxc4 Rxb2 25. Qg3 Kh7 26. Rd6 Rb6 27. Rd2 Rb4 28. Rfd1 Rc8 29. Nxf6+ Kh8 30. Qxg6 Bxf6 31. Rd7 1-0